| 000 | 00523nam a22001697a 4500 | ||
|---|---|---|---|
| 005 | 20251108164018.0 | ||
| 008 | 250721s1998 xx 000 0 ara d | ||
| 082 | 1 | 4 | _a346.04344/أنو |
| 100 | 1 | _aطلبه، أنور | |
| 245 | 1 | 0 |
_aتشريعات إيجار الأماكن : _bشرح القانون 6 لسنة 1997 / |
| 264 | 1 |
_aالإسكندريه : _bمنشأة المعارف، _c1998. |
|
| 300 | _a723ص | ||
| 650 | 1 | 7 | _aالإيجار |
| 650 | 1 | 7 | _aالقانون المدني |
| 942 |
_2ddc _cBK |
||
| 999 |
_c1369 _d1369 |
||